<?xml version="1.0" encoding="UTF-8"?>
<record
    xmlns:xsi="http://www.w3.org/2001/XMLSchema-instance"
    xsi:schemaLocation="http://www.loc.gov/MARC21/slim http://www.loc.gov/standards/marcxml/schema/MARC21slim.xsd"
    xmlns="http://www.loc.gov/MARC21/slim">

  <leader>01454nam a22002897a 4500</leader>
  <controlfield tag="005">20250612155114.0</controlfield>
  <controlfield tag="008">230127b           ||||| |||| 00| 0 eng d</controlfield>
  <datafield tag="020" ind1=" " ind2=" ">
    <subfield code="a">9781538142370</subfield>
  </datafield>
  <datafield tag="040" ind1=" " ind2=" ">
    <subfield code="c">AL</subfield>
  </datafield>
  <datafield tag="041" ind1=" " ind2=" ">
    <subfield code="a">English</subfield>
  </datafield>
  <datafield tag="082" ind1=" " ind2=" ">
    <subfield code="2">23</subfield>
    <subfield code="a">175</subfield>
    <subfield code="b">WILM</subfield>
  </datafield>
  <datafield tag="100" ind1=" " ind2=" ">
    <subfield code="a">Lee Wilkins and others</subfield>
    <subfield code="9">214672</subfield>
  </datafield>
  <datafield tag="245" ind1=" " ind2=" ">
    <subfield code="a">Media Ethics: Issues and Cases Ed 10</subfield>
  </datafield>
  <datafield tag="250" ind1=" " ind2=" ">
    <subfield code="a">10</subfield>
  </datafield>
  <datafield tag="260" ind1=" " ind2=" ">
    <subfield code="a">Lanham</subfield>
    <subfield code="b">Rowman and Littlefield</subfield>
    <subfield code="c">2022</subfield>
  </datafield>
  <datafield tag="300" ind1=" " ind2=" ">
    <subfield code="a">386p.</subfield>
    <subfield code="b">PB</subfield>
    <subfield code="c">23x15 cm</subfield>
  </datafield>
  <datafield tag="365" ind1=" " ind2=" ">
    <subfield code="a">VBI-1673</subfield>
    <subfield code="b">&#x20B9;5451.00</subfield>
    <subfield code="c">$85.00</subfield>
    <subfield code="d">&#x20B9;7267.50</subfield>
    <subfield code="e">25%</subfield>
    <subfield code="f">19-12-2022</subfield>
  </datafield>
  <datafield tag="520" ind1=" " ind2=" ">
    <subfield code="a">The tenth edition of this authoritative book focuses on the most pressing media ethics issues, including coverage of the 2020 pandemic and election. Enabling students to make ethical decisions in an increasingly complex environment, the book focuses on practical ethical theory for use across the media curriculum.
Lee Wilkins is Distinguished Curator&#x2019;s Teaching Professor and professor emeritus in the School of Journalism at the University of Missouri. Chad Painter is assistant professor of communication at the University of Dayton. Philip Patterson is distinguished professor of mass communication at Oklahoma Christian University</subfield>
  </datafield>
  <datafield tag="650" ind1=" " ind2=" ">
    <subfield code="a">Ethics</subfield>
    <subfield code="9">69989</subfield>
  </datafield>
  <datafield tag="650" ind1=" " ind2=" ">
    <subfield code="a">privacy</subfield>
    <subfield code="9">69990</subfield>
  </datafield>
  <datafield tag="650" ind1=" " ind2=" ">
    <subfield code="a">Mass Media</subfield>
    <subfield code="9">69991</subfield>
  </datafield>
  <datafield tag="650" ind1=" " ind2=" ">
    <subfield code="a">Media economics</subfield>
    <subfield code="9">69992</subfield>
  </datafield>
  <datafield tag="700" ind1=" " ind2=" ">
    <subfield code="a">WILKINS (Lee)</subfield>
    <subfield code="9">69993</subfield>
  </datafield>
  <datafield tag="700" ind1=" " ind2=" ">
    <subfield code="a">PAINTER (Chad)</subfield>
    <subfield code="9">69994</subfield>
  </datafield>
  <datafield tag="700" ind1=" " ind2=" ">
    <subfield code="a">PATTERSON (Philip)</subfield>
    <subfield code="9">69995</subfield>
  </datafield>
  <datafield tag="942" ind1=" " ind2=" ">
    <subfield code="2">ddc</subfield>
    <subfield code="c">BK</subfield>
  </datafield>
  <datafield tag="999" ind1=" " ind2=" ">
    <subfield code="c">226454</subfield>
    <subfield code="d">226454</subfield>
  </datafield>
  <datafield tag="952" ind1=" " ind2=" ">
    <subfield code="0">0</subfield>
    <subfield code="1">0</subfield>
    <subfield code="2">ddc</subfield>
    <subfield code="4">0</subfield>
    <subfield code="7">3</subfield>
    <subfield code="8">JR</subfield>
    <subfield code="a">AL</subfield>
    <subfield code="b">AL</subfield>
    <subfield code="c">RS</subfield>
    <subfield code="d">2023-01-19</subfield>
    <subfield code="e">Vidyarthi Books Bengaluru 560076</subfield>
    <subfield code="g">5451.00</subfield>
    <subfield code="l">0</subfield>
    <subfield code="o">175 WILM</subfield>
    <subfield code="p">076324</subfield>
    <subfield code="r">2023-01-27 00:00:00</subfield>
    <subfield code="v">7267.50</subfield>
    <subfield code="y">REF</subfield>
  </datafield>
</record>
